| 000 | 00894nam a2200205 i 4500 | ||
|---|---|---|---|
| 001 | 124995 | ||
| 003 | ES-MaACL | ||
| 005 | 20230906192531.0 | ||
| 007 | t| | ||
| 008 | 070425s1930 sp ||||1| spa d | ||
| 100 | 1 |
_aLópez Núñez, Alvaro. _973832 |
|
| 245 | 1 | 4 |
_aLas obras de previsión en relación con la Beneficiencia / _cpor Alvaro López Núñez. |
| 260 |
_aMadrid : _b[s.n.], _c1930 ( _fImprenta y Encuadernación de los Sobrinos de la Sucesora de M. Minuesa de los Ríos) |
||
| 300 |
_a11 p. ; _c21 cm. |
||
| 490 | 1 |
_aPublicaciones del Instituto Nacional de Previsión ; _v227 |
|
| 500 | _aPonencia aprobada por unanimidad en el Primer Congreso Católico de Beneficencia Nacional, celebrado en Barcelona en el mes de noviembre de 1929. | ||
| 830 | 0 |
_aPublicaciones del Instituto Nacional de Previsión ; _v227 _9181151 |
|
| 852 |
_aES-MaACL _jC-12624(12) |
||
| 999 |
_c124995 _d124995 |
||